LEADER 01197nam0 22002891i 450 001 UON00292482 005 20231205103927.683 100 $a20070411d1979 |0itac50 ba 101 $aita 102 $aIT 105 $a|||| 1|||| 200 1 $aTesto-riforma$e"Exercicios Espirituales" e "Cántico Espiritual"$emetonimia e metafora nel sec. 16. / Giuseppe de Gennaro 205 $aNapoli : Giannini$b[stampa 1979] 210 $a206 p.$a22 cm 215 $aIn testa al front.: Università degli Studi dell'Aquila, Facoltà di magistero. 606 $aGIOVANNI DELLA CROCE $3UONC049960$2FI 606 $aIGNAZIO DI LOYOLA $3UONC049961$2FI 620 $aIT$dNapoli$3UONL000012 676 $a248$cEsperienza, pratica, vita cristiana$v21 700 1$aDE GENNARO$bGiuseppe$3UONV111487$0252098 712 $aGiannini$3UONV246680$4650 801 $aIT$bSOL$c20240220$gRICA 899 $aSIBA - SISTEMA BIBLIOTECARIO DI ATENEO$2UONSI 912 $aUON00292482 950 $aSIBA - SISTEMA BIBLIOTECARIO DI ATENEO$dSI SPA III 1523 $eSI LO 17986 5 1523 996 $aTesto-riforma$91252082 997 $aUNIOR